000 00564nam a2200205Ia 4500
005 20231121094455.0
008 131103s9999 xx 000 0 und d
020 _cRs 280
040 _aLoreto College
041 _aEnglish
082 _a323
_bVER
245 _aRights of Persons with Disabilities
_cEdited by S.K. Verma S.C. Srivastava
260 _aNew Delhi
_bThe Indian Law Institute
_c2002
300 _axv,341p
650 _aDisabled People
651 _aPhysically Challenged People
700 _aVerma, S.K., ed
850 _aLCLIB
942 _cBK
999 _c15145
_d65624